BUS 490 Business policy / (Record no. 3899)
[ view plain ]
| 000 -LEADER | |
|---|---|
| fixed length control field | 01099nam a2200157 4500 |
| 020 ## - INTERNATIONAL STANDARD BOOK NUMBER | |
| ISBN | 0536333386 |
| 050 ## - CALL NUMBER | |
| Classification number | HF5351 |
| Item number | .D27 |
| 100 ## - AUTHOR | |
| Personal name | David Fred R. |
| 245 ## - TITLE | |
| Title | BUS 490 Business policy / |
| Statement of responsibility, etc | Fred R. David |
| 250 ## - EDITION | |
| Edition statement | Second custom edition |
| 260 ## - PUBLICATION INFORMATION | |
| Place of publication | New Jersey |
| Name of publisher | Pearson Education, Inc |
| Year of publication | 2007 |
| 300 ## - DESCRIPTION | |
| Number of Pages | xxxi, 393p. : |
| Other physical details | ill. |
| Dimensions | 26cm |
| 505 ## - FORMATTED CONTENTS NOTE | |
| Table of Content | Part 1. Overview of Strategic Management<br/>Chapter 1. The nature of Strategic Management<br/><br/>Part 2. Strategy Formulation <br/>Chapter 2. The Business Vision & Mission <br/>Chapter 3. The External Assessment<br/>Chapter 4. The Internal Assessment<br/>Chapter 5. Strategies in Action <br/>Chapter 6. Strategy Analysis and Choice<br/><br/>Part 3. Strategy Implementation <br/>Chapter 7. Implementation Strategies: Management and Operations Issues <br/>Chapter 8. Implementing Strategies: Marketing, Finance/Accounting, R&D, and MIS Issues<br/><br/>Part 4. Strategy Evaluation <br/>Chapter 9. Strategy Review, Evaluation, and Control<br/><br/>Part 5. <br/>Strategic Management Case Analysis<br/>How to Prepare and Present a Case Analysis <br/><br/> |
| 650 ## - SUBJECTS | |
| Topical Term | Strategic Management |
| 942 ## - ADDED ENTRY ELEMENTS (KOHA) | |
| Koha item type | Books |
| Withdrawn status | Lost status | Home library | Current library | Shelving location | Date acquired | Full call number | Accession Number | Koha item type |
|---|---|---|---|---|---|---|---|---|
| Methodist University Library Main | Methodist University Library Main | General Stacks | 02/02/2017 | HF5351 .D27 | 3422 | Books |